Fındık raporu: (Record no. 9100)

MARC details
000 -BAŞLIK
Sabit Uzunlukta Kontrol Alanı 01320na a2200385 4500
999 ## - SİSTEM KONTROL NUMARALARI (KOHA)
Koha Biblionumber 9100
Koha Biblioitemnumber 9100
001 - KONTROL NUMARASI
Denetim Alanı 21174
003 - KONTROL NUMARASI IDENTIFIER
Denetim Alanı MIRAKIL
005 - SON İŞLEM TARİHİ VE ZAMANI
Denetim Alanı 20200618165054.0
008 - SABİT-BOY VERİ ELEMANLARI - GENEL BİLGİLER
Sabit Uzunlukta Kontrol Alanı 170201b tu 000 0
035 ## - SİSTEM KONTROL NUMARASI
Sistem Kontrol Numarası 19309
040 ## - KATALOGLAMA KAYNAK
Orijinal Kataloglama Ajansı Milas
Kataloglama Dili tur
Metne Dönüştürmek Ajansı TR-AnCHP
041 ## - DİL KODU
Metin / Ses Parça Veya Ayrı Başlığın Dil Kodu tur
082 ## - DEWEY ONLU SINIFLANDIRMA NUMARASI
Sınıflandırma Numarası CHP 338.1706
Ürün Numarası C36f 2016
090 ## - SINIFLAMA NUMARASI
Sınıflama Numarası BROŞÜR 431
110 ## - ANA GİRİŞ - KURUMSAL ADI
Giriş Elemanı Olarak Kurumsal Ad Veya Yargı Alanı Adı Cumhuriyet Halk Partisi (CHP)
222 ## - ANAHTAR ADI
Anahtar Başlık Tarım raporları
222 ## - ANAHTAR ADI
Anahtar Başlık CHP tarım
245 ## - BAŞLIK TABLOSU
Başlık Fındık raporu:
Başlığın Kalan Fındığımıza sahip çıkıyoruz,
Sorumluluk Tablosu, Vb Cumhuriyet Halk Partisi
246 ## - UNVAN FORM VARYING
Başlık Doğru / Kısa Başlığı Fındığımıza sahip çıkıyoruz
246 ## - UNVAN FORM VARYING
Başlık Doğru / Kısa Başlığı CHP fındık raporu
260 ## - YAYIN, DAĞITIM, VB
Yayın, Dağıtım, Vb Yeri Ankara:
Yayıncı, Dağıtıcı, Vs Adı CHP,
Yayın, Dağıtım, Vb Tarihi 2016.
300 ## - FİZİKSEL TANIM
Kapsam 18 s.:
Diğer Fiziksel Ayrıntıları rnk. res.,
Boyutlar 21 sm.
440 ## - SERİSİ TABLOSU / KATMA GİRİŞİ - BAŞLIK
Başlık Cumhuriyet Halk Partisi yayınları
Bir İşin Parçası / Bölümün İsmi Raporlar
505 ## - BİÇİMLENDİRİLDİ İÇİNDEKİLER NOT
Biçimlendirilmiş İçeriği Dikkat Fındıktaki güncel durum ve AKP'nin yalanları - CHP iktidarında fındık politikası nasıl olacak...
610 ## - KONU KATMA GİRİŞ - TOPLANTI ADI
Giriş Elemanı Olarak Kurumsal Ad Veya Yargı Alanı Adı CHP
Genel Alt Bölüm Fındık üretimi
Kronolojik Alt Bölüm Raporlar
610 ## - KONU KATMA GİRİŞ - TOPLANTI ADI
Giriş Elemanı Olarak Kurumsal Ad Veya Yargı Alanı Adı CHP
Genel Alt Bölüm Fındık politikası
650 ## - KONU KATMA GİRİŞ - TOPİKAL DÖNEM
Topikal Süreli Veya Coğrafi Ad Giriş Elemanı Fındık üretimi
Kronolojik Alt Bölümü Raporlar
650 ## - KONU KATMA GİRİŞ - TOPİKAL DÖNEM
Topikal Süreli Veya Coğrafi Ad Giriş Elemanı Tarım sorunları
Genel Alt Bölümü Fındık üretimi
Kronolojik Alt Bölümü Raporlar
Coğrafi Alt Bölümü Türkiye
740 ## - KATMA GİRİŞ - KONTROLSUZ İLGİLİ / ANALİTİK BAŞLIK
Kontrol Edilmeyen / İlgili Analitik Başlıktaki Fındığımıza sahip çıkıyoruz
830 ## - SERİSİ EKLENDİ GİRİŞ - ÜNİFORM ADI
Üniforma Başlık CHP raporları
942 ## - EKLENDİ GİRİŞ ELEMANLARI (KOHA)
Koha Öğesi Türü Visual Material
Sınıflandırma Veya Raf Düzeni Kaynak Dewey Decimal Classification
999 ## - SİSTEM KONTROL NUMARALARI (KOHA)
Koha Biblioitemnumber 9100
Holdings
Kullanım Kısıtlamaları Kalıcı Konum Mevcut Konum Edinme Tarihi Edinim Kaynak Kodlu Konum Eleme Toplam Check-Out'Lar Tam Çağrı Numarası Barkod Tarih Son Görülme Kopya Sayısı İtibaren Geçerli Fiyatlar Koha Öğesi Türü
Kütüphane dışına çıkarılamaz CHP Kütüphanesi CHP Kütüphanesi 02/01/2017 Bağış BROŞÜRLER   BROŞÜR 431 013299 02/01/2017 k.8 02/01/2017 Visual Material